00849cam a22002653a 45000010005000000030006000050050017000110080041000280400015000690420007000840500007000911000051000982450077001492600029002265060030002555160020002856530058003056530021003636530022003846530016004066530047004226530045004698300028005148560041005421719PGUSA20140828083005.0990401s1999||||xxu|||||s|||||000 p eng d aPGUSAbeng adc 4aPR1 aChesterton, G. K.q(Gilbert Keith),d1874-193614aThe Ballad of the White Horseh[electronic resource] /cG. K. Chesterton bProject Gutenberg,c1999 aPublic domain in the USA. aElectronic text aGreat Britain -- History -- Alfred, 871-899 -- Poetry aChristian poetry aHistorical poetry aEpic poetry aAlfred, King of England, 849-899 -- Poetry aWhite Horse, Vale of (England) -- Poetry 0aProject Gutenbergv171940uhttp://www.gutenberg.org/ebooks/1719